Fr. Conceicao Rodrigues College of Engineering

Make:Easy 1+2+3 projects from the pages (Record no. 26985)

MARC details
000 -LEADER
fixed length control field 00298nam a2200145Ia 4500
245 ## - TITLE STATEMENT
Title Make:Easy 1+2+3 projects from the pages
260 ## - PUBLICATION, DISTRIBUTION, ETC.
Name of publisher, distributor, etc. SPD
Date of publication, distribution, etc. 2015
366 ## - TRADE AVAILABILITY INFORMATION
Publishers's discount category 20
300 ## - PHYSICAL DESCRIPTION
Extent 149
546 ## - LANGUAGE NOTE
Language note ENGLISH
-- Computers
650 ## - SUBJECT ADDED ENTRY--TOPICAL TERM
Topical term or geographic name entry element Projects
654 ## - SUBJECT ADDED ENTRY--FACETED TOPICAL TERMS
Focus term projects
942 ## - ADDED ENTRY ELEMENTS (KOHA)
Koha item type BOOK
Holdings
Withdrawn status Lost status Damaged status Not for loan Collection Home library Current library Date acquired Source of acquisition Cost, normal purchase price Inventory number Total Checkouts Full call number Barcode Date last seen Cost, replacement price Price effective from Koha item type
        CRC Fr. Agnel's C.Rodrigues College of Engineering Fr. Agnel's C.Rodrigues College of Engineering 17/03/2023 Allied Publishers 220.00 860 dt 29.12.2016   24480 17/03/2023 275.00   BOOK